Biggest Cities of South Asia in 1500 with a Map - Statistics

General Stats
  • This quiz has been taken 145 times
  • The average score is 13 of 60
Answers on the Map
Answers color-coded by a green-red scale on the quiz's map according to % correct below.
 
Answer Stats
Population City % Correct
80,000 Delhi
98%
25,000 Hyderabad
78%
100,000 Ahmedabad
77%
25,000 Kabul
75%
25,000 Chittagong
70%
28,000 Kathmandu
64%
34,000 Varanasi
56%
40,000 Herat
55%
25,000 Patna
55%
33,000 Kochi
50%
40,000 Goa
48%
40,000 Srinagar
45%
34,000 Multan
40%
40,000 Jodhpur
38%
42,000 Kozhikode
38%
500,000 Vijayanagara
38%
31,000 Madurai
33%
25,000 Thiruvananthapuram
32%
140,000 Cuttack
30%
31,000 Gwalior
28%
25,000 Ujjain
21%
25,000 Bikaner
19%
200,000 Gauḍa
18%
35,000 Puri
17%
40,000 Bijapur
14%
30,000 Kannur
13%
35,000 Kollam
13%
34,000 Kunduz
13%
31,000 Thana
12%
45,000 Thatta
12%
60,000 Ahmednagar
10%
25,000 Bidar
10%
34,000 Bihar Sharif
10%
25,000 Dhar
10%
25,000 Kanchipuram
10%
50,000 Jaunpur
9%
50,000 Burhanpur
7%
30,000 Gulbarga
7%
50,000 Amber
6%
65,000 Khambhat
6%
25,000 Mathura
6%
34,000 Raichur
6%
70,000 Mandu
4%
40,000 Penukonda
4%
25,000 Sonargaon
4%
25,000 Bhatgaon
3%
50,000 Chittorgarh
3%
25,000 Daulatabad
3%
33,000 Bilaspur
2%
30,000 Champaner
2%
30,000 Chanderi
2%
26,000 Gawilghur
2%
30,000 Kayalpatnam
2%
25,000 Munger
2%
50,000 Saptagram
2%
32,000 Belur
1%
31,000 Budaun
1%
30,000 Charagua
1%
36,000 Dabhoi
1%
29,000 Srirangapatna
1%
No matching quizzes found
Score Distribution
Percent of People with Each Score
Percentile by Number Answered
Your Score History
You have not taken this quiz